| 000 | 00616nam a2200193Ia 4500 | ||
|---|---|---|---|
| 005 | 20250508165320.0 | ||
| 008 | 008 250505s9999 xx 000 0 hin d | ||
| 037 | _aDissertations | ||
| 040 |
_aFEDL _beng _cFEDL |
||
| 041 |
_ahin _2eng |
||
| 084 |
_a370.32, VIK/DI _qFEDL |
||
| 100 | _aVikrant | ||
| 245 | 0 | _aShiksha ke adhikar mein aayu ke aadhar per vidyalaya mein pravesh va vishesh prashikshan ke pravdhanon ka adhyayan | |
| 260 | _c2013 | ||
| 300 | _a103p. | ||
| 546 | _aM.Ed. Dissertation (Delhi University); C D Included | ||
| 942 |
_cDIS _h370.32, VIK/DI |
||
| 999 |
_c1394407 _d1394407 |
||